000 00709nam a2200289Ia 4500
005 20260324133024.0
008 008 260324s9999 xx 000 0 eng d
020 _a9780203340288
037 _aEBOOK
040 _aCRL
040 _beng
040 _cCRL
041 _2eng
041 _aeng
084 _qCRL
100 _aHans Maier
_91191504
245 0 _aTotalitarianism and Political Religions, Volume 1
245 0 _bConcepts for the Comparison of Dictatorships
260 _bTaylor and Francis
260 _c2004
365 _a
365 _b325
856 _uhttp://www.taylorfrancis.com/books/9780203340288
942 _cEBOOK
999 _c1790154
_d1790154